000
00314nam a2200133Ia 4500
003
OSt
005
20240108150447.0
008
170523s9999 xx 000 0 und d
020
_a
8120415515
040
_c
IIMTU
100
_a
Singh-R.S
245
0
_a
Introduction to Principles of Plant Pathology
942
_2
ddc
_c
02
999
_c
11077
_d
11077